COLECCION DE DOCUMENTOS SOBRE COYOACAN (VISITA DEL OIDOR GOMEZ DE SANTILLAN AL PUEBLO DE COYOACAN Y SU SUJETO TACUBAYA EN EL AÑO DE 1553) /

Kaydedildi:
Detaylı Bibliyografya
Yazar: Carrasco, Pedro (autor)
Diğer Yazarlar: Monjaráz Ruiz, Jesús (autor) (autor)
Materyal Türü: Kitap
Seri Bilgileri:CIENTIFICA FUENTES ; 39
Konular:
Etiketler: Etiketle
Etiket eklenmemiş, İlk siz ekleyin!

MARC

LEADER 00000nam^a2200000^a^4500
001 000234003
005 20250521000000.0
009 20260310104707.77
035 |a 053829 
037 |a Acervo Xavier Clavigero 
082 |a 972. 53  |b CAR V. 1 
100 |a Carrasco, Pedro  |e (autor) 
245 1 0 |a COLECCION DE DOCUMENTOS SOBRE COYOACAN (VISITA DEL OIDOR GOMEZ DE SANTILLAN AL PUEBLO DE COYOACAN Y SU SUJETO TACUBAYA EN EL AÑO DE 1553) /  |c PEDRO CARRASCO P., JESUS MONJARAS-RUIZ 
264 |a MEXICO :  |b CENTRO DE INVESTIGACIONES SUPERIORES, SEP,  |c 1976 
300 |a V.- 
336 |a texto  |b txt  |2 rdacontenido 
337 |a sin mediación  |b n  |2 rdamedio 
338 |a volumen  |b nc  |2 rdasoporte 
440 |a CIENTIFICA FUENTES ;  |v 39 
649 |a XX 
650 |a Coyoacán, México (D.F.) -  |x Historia 
650 |a Coyoacán, México (D.F.) -  |x Descripción 
700 |a Monjaráz Ruiz, Jesús  |e (autor) 
910 |a Fondo General 
920 |a Impresos - Libros 
930 |a Colección General 
905 |a 101 
901 |a 053829  |b IT1  |c ACC  |i 053829  |u 20250521 
902 |a https://opac.biblio.iteso.mx/vufind/Record/000234003